Irrigated urban vegetable production in Ghana : (Record no. 121)

MARC details
000 -LEADER
fixed length control field 00765cam a2200217 i 4500
020 ## - INTERNATIONAL STANDARD BOOK NUMBER
ISBN 9789290906285
020 ## - INTERNATIONAL STANDARD BOOK NUMBER
ISBN 9290906286
050 00 - CALL NUMBER
Classification number S473.G48
100 ## - AUTHOR
Personal name Obuobie, Emmanuel et. al
245 00 - TITLE
Title Irrigated urban vegetable production in Ghana :
Remainder of title characteristics, benefits, and risks /
Statement of responsibility, etc Emmanuel Obuobie [and six others].
260 ## - PUBLICATION INFORMATION
Place of publication Accra, Ghana:
Name of publisher CSIR-INSTI,
Year of publication 2006
300 ## - DESCRIPTION
Number of Pages vii, 150 pages :
Other physical details illustrations (some color), color maps ;
Dimensions 24 cm
500 ## - NOTES
General note INCLUDES BIBLIOGRAPHIC REFERENCE
650 #0 - SUBJECTS
Topical Term Urban agriculture
650 #0 - SUBJECTS
Topical Term Vegetables
General subdivision Irrigation
700 1# - OTHER AUTHORS
Personal name Obuobie, Emmanuel.
710 2# - OTHER AUTHORS
OTHER AUTHORS International Water Management Institute.
710 2# - OTHER AUTHORS
OTHER AUTHORS RUAF Foundation.
710 2# - OTHER AUTHORS
OTHER AUTHORS Challenge Program on Water and Food.
942 ## - ADDED ENTRY ELEMENTS (KOHA)
Koha item type Books
Holdings
Withdrawn status Lost status Home library Current library Date acquired Full call number Accession Number Koha item type
    Methodist University Library Wenchi Faculty Methodist University Library Wenchi Faculty 12/10/2017 S473.G48 28703 Books
    Methodist University Library Wenchi Faculty Methodist University Library Wenchi Faculty 12/10/2017 S473.G48 28704 Books
    Methodist University Library Wenchi Faculty Methodist University Library Wenchi Faculty 12/10/2017 S473.G48 28705 Books
Copyright © 2026  MUG Library